Greatest Action Movie Actors Ever - Statistics

General Stats
  • This quiz has been taken 58 times
  • The average score is 9 of 25
Answer Stats
Hint Answer % Correct
1. Sylvester Stallone
83%
2. Arnold Schwarzenegger
80%
3. Bruce Willis
76%
16. Jason Statham
63%
9. Tom Cruise
63%
11. Jackie Chan
61%
13. Bruce Lee
59%
25. Mel Gibson
51%
5. Jean-Claude Van Damme
49%
14. Chuck Norris
46%
15. Jet Li
39%
23. Keanu Reeves
39%
6. Dolph Lundgren
37%
4. Steven Seagal
34%
7. Wesley Snipes
29%
20. Nicolas Cage
20%
17. Gerard Butler
17%
21. Antonio Banderas
15%
10. Chow Yun Fat
12%
18. Carl Weathers
10%
12. Sammo Hung Kam Bo
10%
19. Michael Jai White
5%
8. Scott Adkins
5%
22. Iko Uwais
2%
24. Joe Taslim
0%
No matching quizzes found
Score Distribution
Percent of People with Each Score
Percentile by Number Answered
Your Score History
You have not taken this quiz